| 000 | 00807nam a22002777a 4500 | ||
|---|---|---|---|
| 001 | 6697 | ||
| 003 | FISKH | ||
| 005 | 20250521112047.0 | ||
| 008 | 250521b cb ||||| |||| 00| 0 eng d | ||
| 020 | _a078073003501 | ||
| 040 |
_aFISKH _beng _cFISKH _dFISKH |
||
| 050 | _aQA113 .H83 | ||
| 082 | _a513.2 | ||
| 100 | _aHudson, Cheryl Willis | ||
| 245 |
_aAfro-bets 1,2,3 / _cBy Cheryl Willis Hudson |
||
| 250 | _aFirst Scholastic printing, October 2002 | ||
| 260 |
_aNew York : _bScholastic, _c1987 |
||
| 300 |
_a24 unnumbered pages : _bcolor illustrations ; _c21 cm |
||
| 505 | _aaa | ||
| 520 | _aBlack youngsters form the shapes of numbers one through ten. | ||
| 521 | 8 |
_a70
_bLexile |
|
| 521 | 8 |
_aaa
_bRaz-Plus |
|
| 650 |
_aCounting _vNumbers |
||
| 942 |
_2ddc _cBK _n0 |
||
| 999 |
_c6697 _d6697 |
||